[Event "25. Off. Württembergische Seniorenmst."]
[Site "Freudenstadt"]
[Date "2013.07.06"]
[Round "2.1"]
[White "Klein, Klaus"]
[Black "Giesen, Dieter"]
[Result "1/2-1/2"]
[WhiteElo "1809"]
[BlackElo "2195"]
[PlyCount "34"]
[EventDate "2013.??.??"]
[WhiteTeam "SF Heidelberg"]
[BlackTeam "SK 1912 Ludwigshafen"]

1. e4 e5 2. Nf3 Nf6 3. Nxe5 d6 4. Nf3 Nxe4 5. Nc3 Nxc3 6. dxc3 Be7 7. Be3 Nc6
8. Qd2 Bg4 9. Be2 Qd7 10. h3 Be6 11. Nd4 Nxd4 12. Bxd4 O-O 13. Bf3 Qb5 14. b3
c5 15. c4 Qd7 16. Bb2 Rfd8 17. O-O Rab8 1/2-1/2

[Event "25. Off. Württembergische Seniorenmst."]
[Site "Freudenstadt"]
[Date "2013.07.06"]
[Round "2.2"]
[White "Frick, Christoph"]
[Black "Philippin, Otto"]
[Result "1-0"]
[WhiteElo "2154"]
[BlackElo "1810"]
[PlyCount "59"]
[EventDate "2013.??.??"]
[WhiteTeam "SV Tübingen 1870 e.V."]
[BlackTeam "SVG Vaihingen/Enz"]

1. d4 d6 2. e4 e5 3. Nf3 Nf6 4. Nc3 Nbd7 5. Bc4 h6 6. O-O c6 7. a4 Be7 8. Ba2
Qc7 9. Qd3 g5 10. Rd1 Rh7 11. a5 Nf8 12. Qc4 Ne6 13. dxe5 dxe5 14. b4 b5 15.
axb6 axb6 16. Bb2 b5 17. Qe2 Nf4 18. Qe1 Rb8 19. Ne2 Nxe2+ 20. Qxe2 Bg4 21. h3
Bh5 22. g4 Nxg4 23. hxg4 Bxg4 24. Qe3 Bf6 25. Rd3 Qe7 26. Qc5 Qxc5 27. bxc5
Bxf3 28. Rxf3 Ke7 29. Rd1 Ra8 30. Bb3 1-0

[Event "25. Off. Württembergische Seniorenmst."]
[Site "Freudenstadt"]
[Date "2013.07.06"]
[Round "2.3"]
[White "Streiter, Manfred"]
[Black "Weinwurm, Wolfgang"]
[Result "0-1"]
[WhiteElo "1796"]
[BlackElo "2113"]
[PlyCount "106"]
[EventDate "2013.??.??"]
[WhiteTeam "TSV Schönaich"]
[BlackTeam "Ternitz"]

1. d4 Nf6 2. Nf3 g6 3. c4 Bg7 4. Nc3 d5 5. Bf4 O-O 6. Rc1 dxc4 7. e3 Be6 8. Nd2
c5 9. dxc5 Na6 10. Bxc4 Nxc5 11. Be2 Nd3+ 12. Bxd3 Qxd3 13. Qe2 Qxe2+ 14. Kxe2
Rac8 15. Be5 a6 16. a3 Rc6 17. Nce4 Bd5 18. Bxf6 exf6 19. Rxc6 Bxc6 20. f3 Rd8
21. Nc3 f5 22. Ndb1 Re8 23. Kf2 Bf8 24. g3 Rd8 25. Rd1 Rxd1 26. Nxd1 Kg7 27.
Ndc3 Bc5 28. Nd2 Kf6 29. Nb3 Ba7 30. Na5 Ke6 31. Nxc6 bxc6 32. h4 Kd6 33. Ke2
Kc5 34. Kd3 h5 35. e4 Kd6 36. exf5 gxf5 37. Nd1 Ke6 38. Ne3 Bc5 39. b4 Be7 40.
Ng2 Bd6 41. f4 Bc7 42. Ne3 Bb6 43. Ke2 c5 44. Nc4 Ba7 45. Ne5 cxb4 46. axb4 Bd4
47. Nd3 Kd5 48. Kd2 Kc4 49. Kc2 f6 50. Kd2 Bc3+ 51. Ke2 Bxb4 52. Nb2+ Kb3 53.
Nd1 a5 0-1

[Event "25. Off. Württembergische Seniorenmst."]
[Site "Freudenstadt"]
[Date "2013.07.06"]
[Round "2.4"]
[White "Pape, Manfred"]
[Black "Helbig, Dieter"]
[Result "1-0"]
[WhiteElo "2087"]
[BlackElo "1799"]
[PlyCount "70"]
[EventDate "2013.??.??"]
[WhiteTeam "SK Bad Harzburg"]
[BlackTeam "SK Weilheim"]

1. d4 Nf6 2. Nc3 g6 3. e4 d6 4. Be2 Bg7 5. f4 O-O 6. e5 Ne8 7. Nf3 Nd7 8. O-O
c5 9. Be3 b6 10. Qe1 e6 11. Rd1 Qe7 12. Bf2 f6 13. Bb5 cxd4 14. exf6 Ndxf6 15.
Nxd4 Qf7 16. Bc6 Rb8 17. Bf3 Bd7 18. Qe2 Nc7 19. Rfe1 Nfe8 20. Bg3 a6 21. Ne4
Bxd4+ 22. Rxd4 Nd5 23. Ng5 Qf6 24. Rxd5 exd5 25. Bxd5+ Kh8 26. Qe7 Qxe7 27.
Rxe7 Nf6 28. Bf2 Nxd5 29. Bd4+ Nf6 30. Nxh7 Rbe8 31. Rxd7 Re1+ 32. Kf2 Rfe8 33.
Bxf6+ Kg8 34. Rg7+ Kh8 35. Re7+ Kg8 1-0

[Event "25. Off. Württembergische Seniorenmst."]
[Site "Freudenstadt"]
[Date "2013.07.06"]
[Round "2.5"]
[White "Weisenburger, Horst"]
[Black "Leutz, Hans"]
[Result "1-0"]
[WhiteElo "2048"]
[BlackElo "1795"]
[PlyCount "69"]
[EventDate "2013.??.??"]
[WhiteTeam "SC Böblingen 1975 e.V."]
[BlackTeam "SV Ebersbach"]

1. f4 d5 2. Nf3 g6 3. g3 Bg7 4. Bg2 Nf6 5. O-O O-O 6. d3 c5 7. Qe1 Qc7 8. e4
dxe4 9. dxe4 Rd8 10. Nc3 Be6 11. h3 Nc6 12. e5 Nd5 13. Ng5 Nd4 14. Nxe6 fxe6
15. Rf2 Rab8 16. Nd1 b5 17. c3 Nc6 18. Ne3 c4 19. h4 Rd7 20. h5 Nxe3 21. Bxe3
b4 22. Bh3 Kf7 23. Qe2 Rd3 24. hxg6+ hxg6 25. Bxe6+ Kxe6 26. Qg4+ Kf7 27. e6+
Kg8 28. Qxg6 Nd8 29. Bd4 Rxd4 30. cxd4 Qd6 31. f5 Qxd4 32. f6 exf6 33. Qe8+ Kh7
34. e7 Bh6 35. Qh5 1-0

[Event "25. Off. Württembergische Seniorenmst."]
[Site "Freudenstadt"]
[Date "2013.07.06"]
[Round "2.6"]
[White "Bolz, Claus"]
[Black "Szenetra, Werner"]
[Result "0-1"]
[WhiteElo "1794"]
[BlackElo "2038"]
[PlyCount "68"]
[EventDate "2013.??.??"]
[WhiteTeam "SF Springer Rottenburg"]
[BlackTeam "SV Berenbostel"]

1. d4 g6 2. c4 Bg7 3. Nc3 d6 4. e4 Nc6 5. Be3 e5 6. Nge2 Nh6 7. d5 Ne7 8. f3 f5
9. Qd2 Nf7 10. g3 O-O 11. Bg2 Kh8 12. h4 h5 13. O-O-O a6 14. Ng1 b5 15. cxb5
axb5 16. Kb1 Bd7 17. Nh3 b4 18. Ne2 Qb8 19. b3 Qb7 20. Ng5 Nxg5 21. Bxg5 Ng8
22. Rhf1 fxe4 23. fxe4 Bg4 24. Rde1 Kh7 25. Nc1 Qb6 26. Be3 Bh6 27. Bxh6 Nxh6
28. Qc2 Bd7 29. Qd2 Bb5 30. Rf3 Rxf3 31. Bxf3 Rf8 32. Re3 Qd4 33. Qe1 Ng4 34.
Bxg4 Rf1 0-1

[Event "25. Off. Württembergische Seniorenmst."]
[Site "Freudenstadt"]
[Date "2013.07.06"]
[Round "2.7"]
[White "Storkebaum, Karl-Heinrich"]
[Black "Just, Joachim"]
[Result "1/2-1/2"]
[WhiteElo "1754"]
[BlackElo "1903"]
[PlyCount "47"]
[EventDate "2013.??.??"]
[WhiteTeam "SAbt TEC Darmstadt"]
[BlackTeam "SV Motor Zeitz"]

1. d4 g6 2. c4 Bg7 3. Nc3 c6 4. e4 d6 5. Be2 e5 6. Nf3 Bg4 7. Be3 Bxf3 8. Bxf3
Nf6 9. dxe5 dxe5 10. Qxd8+ Kxd8 11. O-O-O+ Kc7 12. Be2 Na6 13. c5 Rad8 14. Bxa6
bxa6 15. f3 Nd7 16. b4 Rhe8 17. Kc2 Nf8 18. Na4 Ne6 19. Nb2 Bf8 20. Nc4 f6 21.
Rhe1 Be7 22. Rb1 Nd4+ 23. Kc3 Nb5+ 24. Kb2 1/2-1/2

[Event "25. Off. Württembergische Seniorenmst."]
[Site "Freudenstadt"]
[Date "2013.07.06"]
[Round "2.8"]
[White "Villing, Dieter"]
[Black "Jaeger, Hans-Ulrich"]
[Result "1-0"]
[WhiteElo "1999"]
[BlackElo "1795"]
[PlyCount "71"]
[EventDate "2013.??.??"]
[WhiteTeam "SK 1962 Ladenburg"]
[BlackTeam "SC Sillenbuch"]

1. d4 Nf6 2. Nc3 d5 3. Bg5 e6 4. e4 c5 5. exd5 exd5 6. Bb5+ Nc6 7. Nf3 cxd4 8.
Qxd4 Be7 9. O-O-O a6 10. Bxc6+ bxc6 11. Rhe1 Be6 12. Qa4 Qb6 13. Nd4 Bd7 14.
Rd3 Rb8 15. Bxf6 gxf6 16. Rde3 Qxb2+ 17. Kd2 Rb4 18. Rxe7+ Kf8 19. Rxd7 Rxa4
20. Nf5 Qb8 21. Nxa4 Qf4+ 22. Re3 Qxf5 23. Rd8+ Kg7 24. Rg3+ Kh6 25. Rxh8 Qxf2+
26. Kc3 c5 27. Kb2 Qd4+ 28. Nc3 Qb4+ 29. Kc1 d4 30. Rh3+ Kg7 31. R8xh7+ Kg8 32.
Nd5 Qe1+ 33. Kb2 Qe6 34. Rh8+ Kg7 35. R3h7+ Kg6 36. Nf4+ 1-0

[Event "25. Off. Württembergische Seniorenmst."]
[Site "Freudenstadt"]
[Date "2013.07.06"]
[Round "2.10"]
[White "Trefzer, Erhard"]
[Black "Schmidt, Heinrich"]
[Result "1-0"]
[WhiteElo "1941"]
[BlackElo "1785"]
[PlyCount "105"]
[EventDate "2013.??.??"]
[WhiteTeam "SV Besigheim"]
[BlackTeam "SV Nagold"]

1. e4 c5 2. Nc3 Nc6 3. f4 d6 4. Nf3 Bg4 5. Bb5 a6 6. Bxc6+ bxc6 7. O-O Nf6 8.
Qe1 Bxf3 9. Rxf3 e6 10. d3 Be7 11. Bd2 O-O 12. Qe2 Nd7 13. Rh3 Re8 14. Rf1 d5
15. f5 Bf6 16. Qh5 Nf8 17. fxe6 Rxe6 18. exd5 Re5 19. Qf3 cxd5 20. Rh5 Rxh5 21.
Qxh5 Ne6 22. Nxd5 Bd4+ 23. Kh1 Ra7 24. Nc3 Qb8 25. b3 Qe5 26. Qxe5 Bxe5 27. Ne2
a5 28. a4 Nd8 29. g3 Nc6 30. Kg2 Nb4 31. Bxb4 axb4 32. Re1 f6 33. Ng1 Kf7 34.
Nf3 Bc3 35. Re4 g5 36. g4 Rc7 37. Kf2 h6 38. h3 Rd7 39. Ke2 Bb2 40. Nd2 Bd4 41.
Nc4 Bc3 42. Ne3 Be5 43. Nf5 Kg6 44. Rc4 h5 45. Rxc5 hxg4 46. hxg4 Rh7 47. d4
Rh2+ 48. Kf3 Bf4 49. a5 Rh1 50. Rb5 Rf1+ 51. Ke4 Re1+ 52. Kf3 Rf1+ 53. Kg2 1-0

[Event "25. Off. Württembergische Seniorenmst."]
[Site "Freudenstadt"]
[Date "2013.07.06"]
[Round "2.11"]
[White "Just, Gabriele"]
[Black "Prill, Gerhard"]
[Result "1/2-1/2"]
[WhiteElo "1791"]
[BlackElo "1936"]
[PlyCount "31"]
[EventDate "2013.??.??"]
[WhiteTeam "SG Leipzig"]
[BlackTeam "SC Heitersheim"]

1. f4 Nf6 2. Nf3 g6 3. e3 Bg7 4. d3 b6 5. Be2 Bb7 6. O-O O-O 7. Qe1 d6 8. e4
Qd7 9. Nc3 Nc6 10. Kh1 Nb4 11. Bd1 c5 12. Bd2 Rac8 13. Qh4 Qg4 14. Qf2 Qd7 15.
Qh4 Qg4 16. Qf2 1/2-1/2

[Event "25. Off. Württembergische Seniorenmst."]
[Site "Freudenstadt"]
[Date "2013.07.06"]
[Round "2.12"]
[White "Cichy, Michael"]
[Black "Kaufmann, Helmut"]
[Result "1-0"]
[WhiteElo "1934"]
[BlackElo "1773"]
[PlyCount "71"]
[EventDate "2013.??.??"]
[WhiteTeam "SC Braunschweig Gliesmarode v. 1"]
[BlackTeam "SK Eutingen"]

1. d4 g6 2. Nf3 Bg7 3. c4 d6 4. Nc3 Nc6 5. d5 Nb8 6. e4 e5 7. Be2 Ne7 8. h4 h5
9. Be3 Nd7 10. Qd2 b6 11. O-O-O Nf6 12. Ng5 Neg8 13. f3 Bd7 14. Kb1 Nh6 15.
Rdg1 Qc8 16. Nh3 Nfg8 17. Nf2 f6 18. g4 hxg4 19. fxg4 Nf7 20. Qd1 Qd8 21. g5
fxg5 22. h5 Ne7 23. Bxg5 Nxg5 24. Rxg5 Bf6 25. Rg2 g5 26. Ng4 Bxg4 27. Bxg4 Ng8
28. Rf1 Kf8 29. Rgf2 Kg7 30. Be6 Rh6 31. Qg4 Qe7 32. Ne2 Qd8 33. Ng3 Be7 34.
Rf7+ Kh8 35. Nf5 Rh7 36. Nxe7 1-0

[Event "25. Off. Württembergische Seniorenmst."]
[Site "Freudenstadt"]
[Date "2013.07.06"]
[Round "2.13"]
[White "Gunnarsson, Leif"]
[Black "Schmieder, Siegfried"]
[Result "1/2-1/2"]
[WhiteElo "1785"]
[BlackElo "1931"]
[PlyCount "36"]
[EventDate "2013.??.??"]
[WhiteTeam "Kristallens Schackklubb"]
[BlackTeam "SG Schwäbisch Gmünd 1872 e.V"]

1. e4 d6 2. d4 Nf6 3. Nc3 g6 4. Nf3 Bg7 5. h3 O-O 6. Be3 c6 7. Be2 Qa5 8. O-O
Nbd7 9. Qd2 Re8 10. Bh6 e5 11. Bxg7 Kxg7 12. dxe5 dxe5 13. a3 Qc7 14. Bc4 Nc5
15. Ng5 Be6 16. Nxe6+ Nxe6 17. Bxe6 Rxe6 18. Qe3 b6 1/2-1/2

[Event "25. Off. Württembergische Seniorenmst."]
[Site "Freudenstadt"]
[Date "2013.07.06"]
[Round "2.14"]
[White "Kotlar, Alfred"]
[Black "Sukatsch, Manfred"]
[Result "0-1"]
[WhiteElo "1915"]
[BlackElo "1757"]
[PlyCount "106"]
[EventDate "2013.??.??"]
[WhiteTeam "SK Recklinghausen Altsta"]
[BlackTeam "TSV Schönaich"]

1. d4 Nf6 2. Nf3 g6 3. Bf4 Bg7 4. c3 O-O 5. Qc1 Re8 6. Na3 d6 7. Bg5 Nbd7 8. h4
c6 9. Bh6 Bh8 10. h5 Nf8 11. hxg6 fxg6 12. e3 Bg7 13. Bc4+ d5 14. Bxg7 Kxg7 15.
Bd3 Ng4 16. Ne5 Qd6 17. f4 Qf6 18. Qd2 Nxe5 19. fxe5 Qg5 20. O-O-O Bg4 21. Rdf1
Ne6 22. Nc2 Rf8 23. b3 Rxf1+ 24. Rxf1 Rf8 25. Rxf8 Kxf8 26. Qf2+ Kg7 27. Kb2
Bf5 28. Ne1 Bxd3 29. Nxd3 Qf5 30. Kc2 Qxf2+ 31. Nxf2 h5 32. Kd3 g5 33. c4 Kg6
34. Ke2 Kf5 35. g3 g4 36. Nd3 Kg5 37. cxd5 cxd5 38. Nb4 Nc7 39. Nd3 h4 40.
gxh4+ Kxh4 41. Nf4 Kg3 42. Nh5+ Kg2 43. Nf4+ Kh2 44. a4 g3 45. Kf3 Ne6 46. Ne2
g2 47. Kg4 g1=Q+ 48. Nxg1 Kxg1 49. Kf5 Nc7 50. e4 dxe4 51. Kxe4 e6 52. Kd3 Kf2
53. Kc4 b6 0-1

[Event "25. Off. Württembergische Seniorenmst."]
[Site "Freudenstadt"]
[Date "2013.07.06"]
[Round "2.15"]
[White "Kluger, Hans-Peter"]
[Black "Hoeschele, Hans-Ulrich"]
[Result "0-1"]
[WhiteElo "1770"]
[BlackElo "1915"]
[PlyCount "110"]
[EventDate "2013.??.??"]
[WhiteTeam "SF Fallersleben"]
[BlackTeam "Stuttgarter SF 1879"]

1. e4 e5 2. Nf3 d6 3. Be2 Nf6 4. Nc3 Be7 5. d4 exd4 6. Nxd4 Nc6 7. Nxc6 bxc6 8.
O-O Bb7 9. Be3 Qc8 10. f4 O-O 11. Bf3 a5 12. Re1 a4 13. a3 Rd8 14. Bf2 Ne8 15.
Qc1 Ra5 16. Bg3 Qe6 17. f5 Qc4 18. e5 dxe5 19. Bxe5 Rxe5 20. Rxe5 Qd4+ 21. Qe3
Qxe3+ 22. Rxe3 Bc5 23. Rae1 Nd6 24. Kh1 Bxe3 25. Rxe3 Nxf5 26. Re5 g6 27. Nxa4
c5 28. Kg1 Bxf3 29. gxf3 Rd2 30. Rxc5 Nd4 31. Rc3 Ne2+ 32. Kf1 Nxc3 33. Nxc3
Rxc2 34. Nd1 Kf8 35. h3 h5 36. a4 Ke8 37. Ke1 Kd7 38. b3 Kc8 39. f4 c6 40. Ne3
Rb2 41. Nc4 Rxb3 42. Nd6+ Kc7 43. Nxf7 Rxh3 44. Ne5 g5 45. Ng6 gxf4 46. a5 Ra3
47. a6 Rxa6 48. Nxf4 Ra5 49. Kd2 Rf5 50. Nh3 Rf3 51. Ng5 Ra3 52. Ne6+ Kb6 53.
Nf8 h4 54. Ng6 h3 55. Ne5 Ra2+ 0-1

[Event "25. Off. Württembergische Seniorenmst."]
[Site "Freudenstadt"]
[Date "2013.07.06"]
[Round "2.16"]
[White "Woisetschlaeger, Adolf"]
[Black "Spurga, Josef"]
[Result "1-0"]
[WhiteElo "1723"]
[BlackElo "1900"]
[PlyCount "95"]
[EventDate "2013.??.??"]
[WhiteTeam "SC Schwarz-Weiss Zell"]
[BlackTeam "VfL Sindelfingen"]

1. c4 e6 2. g3 d5 3. cxd5 exd5 4. Bg2 Nf6 5. Nf3 Be7 6. O-O O-O 7. d3 Nbd7 8.
Bd2 Re8 9. Nc3 c6 10. a3 Bd6 11. Re1 Nf8 12. e4 dxe4 13. Nxe4 Be7 14. Bc3 Nd5
15. Qc2 Bf5 16. Rad1 Ng6 17. Nd4 Bg4 18. f3 Bd7 19. Nb3 f5 20. Nec5 Bxc5+ 21.
Nxc5 Ne3 22. Qb3+ Kh8 23. Qf7 Ne5 24. Bxe5 Rxe5 25. Qxd7 Qg8 26. Qd4 Rae8 27.
f4 R5e7 28. Qd6 Qf7 29. Rc1 h6 30. Bf3 Kh7 31. d4 Ng4 32. Rxe7 Rxe7 33. Bxg4
fxg4 34. Nd3 Re6 35. Qd8 Re2 36. Re1 Qe6 37. Rxe2 Qxe2 38. Nf2 h5 39. Qd7 Qe1+
40. Kg2 Qe3 41. Qf5+ g6 42. Qf7+ Kh6 43. Qf8+ Kh7 44. Qf7+ Kh6 45. Qxb7 Qf3+
46. Kg1 g5 47. fxg5+ Kxg5 48. Qg7+ 1-0

[Event "25. Off. Württembergische Seniorenmst."]
[Site "Freudenstadt"]
[Date "2013.07.06"]
[Round "2.17"]
[White "Engbrecht, Helmut"]
[Black "Stadler, Lothar"]
[Result "1-0"]
[WhiteElo "1899"]
[BlackElo "1707"]
[PlyCount "45"]
[EventDate "2013.??.??"]
[WhiteTeam "SV Schorndorf"]
[BlackTeam "SAbt SV Weiss-BL.Allianz"]

1. e4 c5 2. Nc3 Nc6 3. Nf3 e6 4. Bc4 Nd4 5. Nxd4 cxd4 6. Ne2 Bc5 7. d3 a6 8.
O-O Ne7 9. Bb3 O-O 10. f4 f5 11. Ng3 b5 12. Qh5 Ba7 13. exf5 Nxf5 14. Nxf5 Rxf5
15. Qxf5 Qc7 16. Qe5 Qb6 17. f5 Bb8 18. fxe6 dxe6 19. Qh5 g6 20. Qf3 Qd6 21.
Qf7+ Kh8 22. Qe8+ Kg7 23. Rf7# 1-0

[Event "25. Off. Württembergische Seniorenmst."]
[Site "Freudenstadt"]
[Date "2013.07.06"]
[Round "2.18"]
[White "Schuler, Georg"]
[Black "Ahlberg, Guenter"]
[Result "0-1"]
[WhiteElo "1709"]
[BlackElo "1897"]
[PlyCount "56"]
[EventDate "2013.??.??"]
[WhiteTeam "SV Balingen"]
[BlackTeam "SG Weißensee 49 e.V."]

1. c4 c6 2. g3 d5 3. cxd5 cxd5 4. d4 Nf6 5. Nf3 Nc6 6. Bg2 Bf5 7. O-O e6 8. a3
Be7 9. Nc3 O-O 10. b4 Rc8 11. Bb2 Ne4 12. Rc1 Nd6 13. e3 Nc4 14. Qe2 a6 15.
Rfd1 b5 16. Ne1 Qb6 17. Nd3 a5 18. Nc5 Rfd8 19. Na2 Ra8 20. e4 dxe4 21. Rxc4
bxc4 22. Bxe4 Bxe4 23. Na4 Qc7 24. b5 Bd5 25. bxc6 Qxc6 26. N2c3 Bf3 27. Qc2
Bxd1 28. Nxd1 Bf6 0-1

[Event "25. Off. Württembergische Seniorenmst."]
[Site "Freudenstadt"]
[Date "2013.07.06"]
[Round "2.19"]
[White "Braeu, Ludwig"]
[Black "Lomer, Edmund"]
[Result "0-1"]
[WhiteElo "1695"]
[BlackElo "1879"]
[PlyCount "98"]
[EventDate "2013.??.??"]
[WhiteTeam "SK Marktoberdorf"]
[BlackTeam "Eckernförder SC von 1921"]

1. c4 e5 2. g3 Nf6 3. Bg2 c6 4. d4 Bb4+ 5. Bd2 Bxd2+ 6. Qxd2 exd4 7. Qxd4 d5 8.
Nc3 dxc4 9. Qxd8+ Kxd8 10. Rd1+ Kc7 11. Nf3 Be6 12. e4 Na6 13. Nd4 Rhe8 14. O-O
Rad8 15. Nxe6+ Rxe6 16. Rxd8 Kxd8 17. Rd1+ Kc7 18. f3 Rd6 19. Bf1 Rxd1 20. Nxd1
b5 21. a4 Nc5 22. axb5 cxb5 23. Ne3 a6 24. e5 Nfd7 25. f4 Na4 26. Nxc4 bxc4 27.
Bxc4 Nxb2 28. Bxa6 Nc5 29. Bb5 Kd8 30. Kg2 Nba4 31. Kf3 Nb6 32. g4 Ne6 33. Ke4
Ke7 34. h4 Nd7 35. f5 Nc7 36. Bc4 Na8 37. g5 Nab6 38. Ba2 Na4 39. Kd4 Nac5 40.
f6+ Kf8 41. Bc4 Ne6+ 42. Ke4 g6 43. Bb5 Ke8 44. Bc6 Kd8 45. Bd5 Kc7 46. Ba2 Kc6
47. Bd5+ Kc5 48. Bb3 Nb6 49. Ba2 Nc4 0-1

[Event "25. Off. Württembergische Seniorenmst."]
[Site "Freudenstadt"]
[Date "2013.07.06"]
[Round "2.20"]
[White "Fassmann, Kurt"]
[Black "Buhlmann, Werner"]
[Result "1-0"]
[WhiteElo "1867"]
[BlackElo "1638"]
[PlyCount "85"]
[EventDate "2013.??.??"]
[WhiteTeam "TuS Mehlmeisel"]
[BlackTeam "SK Horb"]

1. Nf3 Nf6 2. d4 d5 3. c4 e6 4. Nc3 c6 5. e3 Be7 6. Bd3 dxc4 7. Bxc4 O-O 8. O-O
Nbd7 9. Qe2 Re8 10. e4 Nf8 11. Rd1 b5 12. Bd3 a5 13. e5 Nd5 14. Nxd5 exd5 15.
Be3 Bg4 16. Rdc1 Rc8 17. Rc2 Qd7 18. Rac1 Ng6 19. Bxg6 fxg6 20. h3 Bf5 21. Rc3
b4 22. Rc5 Bxc5 23. Rxc5 Ra8 24. Nd2 h6 25. g4 Be6 26. Nb3 a4 27. Nc1 h5 28. f3
hxg4 29. hxg4 Qb7 30. Qc2 Qf7 31. Kg2 Rf8 32. Qe2 Bd7 33. Nd3 b3 34. a3 Kh7 35.
Kg3 Rh8 36. Bg5 Kg8 37. Nf4 Qe8 38. e6 Bc8 39. Qe5 Ba6 40. Qd6 Bb5 41. Rc1 Ra7
42. Nxg6 Ra8 43. Ne7+ 1-0

[Event "25. Off. Württembergische Seniorenmst."]
[Site "Freudenstadt"]
[Date "2013.07.06"]
[Round "2.30"]
[White "Woelbl, Josef"]
[Black "Injac, Petar"]
[Result "0-1"]
[WhiteElo "1524"]
[BlackElo "1849"]
[PlyCount "76"]
[EventDate "2013.??.??"]
[WhiteTeam "SV Rottweil"]
[BlackTeam "SF 1876 Göppingen"]

1. Nf3 c6 2. c4 d6 3. e3 Bg4 4. Qb3 Qc7 5. Be2 Nd7 6. d4 Ngf6 7. Nc3 e5 8. O-O
Be7 9. h3 Bh5 10. Nd2 Bg6 11. Qd1 h6 12. Nb3 a6 13. Bg4 Nxg4 14. Qxg4 Nf6 15.
Qd1 Rd8 16. f3 Nh5 17. f4 Ng3 18. Rf2 Bh4 19. Qg4 Nf5 20. Re2 h5 21. Qf3 Ng3
22. Rd2 e4 23. Qd1 Qe7 24. Ne2 Nf5 25. Rc2 c5 26. Nc3 Bg3 27. Nd5 Qh4 28. dxc5
O-O 29. cxd6 Rxd6 30. Bd2 Bf2+ 31. Kh1 Bxe3 32. Qe1 Bf2 33. Qd1 e3 34. Bb4 Rxd5
35. cxd5 Qxf4 36. Rxf2 exf2 37. Bd2 Ng3+ 38. Kh2 Nf1+ 0-1

[Event "25. Off. Württembergische Seniorenmst."]
[Site "Freudenstadt"]
[Date "2013.07.06"]
[Round "3.1"]
[White "Engbrecht, Helmut"]
[Black "Frick, Christoph"]
[Result "0-1"]
[WhiteElo "1899"]
[BlackElo "2154"]
[PlyCount "60"]
[EventDate "2013.??.??"]
[WhiteTeam "SV Schorndorf"]
[BlackTeam "SV Tübingen 1870 e.V."]

1. f4 g6 2. Nf3 Bg7 3. Nc3 d5 4. e3 Nf6 5. Be2 O-O 6. O-O Bg4 7. h3 Bxf3 8.
Bxf3 c5 9. g4 e6 10. Bg2 Nc6 11. d4 Rc8 12. Ne2 Ne4 13. c3 Qb6 14. Bxe4 dxe4
15. Ng3 f5 16. b3 cxd4 17. cxd4 Nxd4 18. exd4 Qxd4+ 19. Qxd4 Bxd4+ 20. Kh1 Bxa1
21. Ba3 Bd4 22. Bxf8 Kxf8 23. Rd1 Be3 24. Rd7 Bxf4 25. Ne2 Rc7 26. Rd8+ Ke7 27.
Rh8 Be5 28. Rxh7+ Kf6 29. Rxc7 Bxc7 30. Kg2 f4 0-1

[Event "25. Off. Württembergische Seniorenmst."]
[Site "Freudenstadt"]
[Date "2013.07.06"]
[Round "3.2"]
[White "Weinwurm, Wolfgang"]
[Black "Fassmann, Kurt"]
[Result "1-0"]
[WhiteElo "2113"]
[BlackElo "1867"]
[PlyCount "81"]
[EventDate "2013.??.??"]
[WhiteTeam "Ternitz"]
[BlackTeam "TuS Mehlmeisel"]

1. e4 c5 2. Nf3 a6 3. c3 g6 4. d4 Bg7 5. dxc5 Nc6 6. Bd3 Ne5 7. Nxe5 Bxe5 8. f4
Bg7 9. Be3 Nf6 10. O-O d6 11. cxd6 exd6 12. h3 b5 13. a4 Bd7 14. axb5 axb5 15.
Nd2 O-O 16. Bd4 Bc6 17. g4 Re8 18. Qf3 Qe7 19. Rxa8 Rxa8 20. h4 Re8 21. Re1 Nd7
22. Qg3 Nc5 23. Bxc5 dxc5 24. e5 Rd8 25. Ne4 c4 26. Bf1 Bxe4 27. Rxe4 Rd2 28.
Re2 Rd3 29. Qf2 Qd8 30. e6 fxe6 31. Rxe6 Rd2 32. Re8+ Qxe8 33. Qxd2 Qc6 34. Bg2
Qc5+ 35. Kh2 h6 36. Be4 Qb6 37. Kg2 Bf8 38. Qd5+ Kg7 39. Qd7+ Kh8 40. Qf7 Qd8
41. Kg3 1-0

[Event "25. Off. Württembergische Seniorenmst."]
[Site "Freudenstadt"]
[Date "2013.07.06"]
[Round "3.3"]
[White "Ahlberg, Guenter"]
[Black "Pape, Manfred"]
[Result "1/2-1/2"]
[WhiteElo "1897"]
[BlackElo "2087"]
[PlyCount "51"]
[EventDate "2013.??.??"]
[WhiteTeam "SG Weißensee 49 e.V."]
[BlackTeam "SK Bad Harzburg"]

1. e4 g6 2. d4 Bg7 3. Nc3 c6 4. Nf3 d6 5. h3 Nf6 6. Be3 Qa5 7. Qd2 b5 8. Bd3
O-O 9. O-O a6 10. Nd5 Qd8 11. Nxf6+ Bxf6 12. e5 Bg7 13. Bh6 Be6 14. Bxg7 Kxg7
15. Ng5 dxe5 16. Nxe6+ fxe6 17. dxe5 Qd4 18. Qg5 Nd7 19. Qxe7+ Rf7 20. Qxe6
Nxe5 21. Rae1 Nxd3 22. cxd3 Qxd3 23. Qxc6 Raf8 24. f3 Qd4+ 25. Kh1 Rd8 26. Qxa6
1/2-1/2

[Event "25. Off. Württembergische Seniorenmst."]
[Site "Freudenstadt"]
[Date "2013.07.06"]
[Round "3.4"]
[White "Lomer, Edmund"]
[Black "Weisenburger, Horst"]
[Result "0-1"]
[WhiteElo "1879"]
[BlackElo "2048"]
[PlyCount "88"]
[EventDate "2013.??.??"]
[WhiteTeam "Eckernförder SC von 1921"]
[BlackTeam "SC Böblingen 1975 e.V."]

1. Nf3 g6 2. g3 Bg7 3. d4 f5 4. Bg2 Nf6 5. c3 O-O 6. Qb3+ d5 7. Ne5 c6 8. Nd2
Nbd7 9. Nxd7 Nxd7 10. Nf3 e5 11. dxe5 Nxe5 12. Bf4 Nc4 13. O-O Re8 14. Rfe1 h6
15. Nd2 g5 16. Rad1 Na5 17. Qa4 b5 18. Qb4 Bf8 19. Qd4 gxf4 20. Qxf4 Qd6 21.
Qh4 Qe7 22. Qf4 Nc4 23. Nxc4 bxc4 24. b3 cxb3 25. axb3 Be6 26. c4 Red8 27. cxd5
cxd5 28. Rd3 Rac8 29. Red1 Qf7 30. e4 fxe4 31. Qxf7+ Kxf7 32. Bxe4 Rc5 33. Bf3
Bg7 34. Kg2 d4 35. Ra1 a5 36. Ra4 Rb8 37. Bd1 Bd5+ 38. f3 Rbb5 39. h4 Rc3 40.
Rxc3 dxc3 41. Kf2 Bxb3 42. Bxb3+ Rxb3 43. Rxa5 c2 44. Rc5 Bd4+ 0-1

[Event "25. Off. Württembergische Seniorenmst."]
[Site "Freudenstadt"]
[Date "2013.07.06"]
[Round "3.5"]
[White "Szenetra, Werner"]
[Black "Macher, Claus"]
[Result "1-0"]
[WhiteElo "2038"]
[BlackElo "1834"]
[PlyCount "57"]
[EventDate "2013.??.??"]
[WhiteTeam "SV Berenbostel"]
[BlackTeam "SF Ammerbuch"]

1. e4 c5 2. Nf3 e6 3. d3 g6 4. g3 Bg7 5. Bg2 Ne7 6. O-O O-O 7. c3 d5 8. Qe2
Nbc6 9. e5 b6 10. h4 h6 11. Bf4 Nf5 12. Re1 Qe7 13. Na3 a6 14. Nc2 Bb7 15. a3
Kh7 16. Ne3 Nxe3 17. Qxe3 Qd7 18. d4 cxd4 19. cxd4 Na5 20. b3 Rfc8 21. Bf1 Nc6
22. Bd3 h5 23. Bg5 Ne7 24. Bf6 Ng8 25. Qg5 Bh6 26. Qxh5 Nxf6 27. exf6 Rh8 28.
Bxg6+ Kg8 29. Ne5 1-0

[Event "25. Off. Württembergische Seniorenmst."]
[Site "Freudenstadt"]
[Date "2013.07.06"]
[Round "3.6"]
[White "Juergens, Peter"]
[Black "Villing, Dieter"]
[Result "0-1"]
[WhiteElo "1867"]
[BlackElo "1999"]
[PlyCount "128"]
[EventDate "2013.??.??"]
[WhiteTeam "SC Tempo Göttingen"]
[BlackTeam "SK 1962 Ladenburg"]

1. d4 Nf6 2. Nf3 c5 3. c3 e6 4. Bf4 Nc6 5. e3 Be7 6. h3 O-O 7. Bd3 cxd4 8. exd4
d6 9. O-O Re8 10. Re1 Bf8 11. Bc2 Qc7 12. Nbd2 Bd7 13. Bg5 e5 14. Ne4 Nxe4 15.
Bxe4 exd4 16. Nxd4 Qb6 17. Nb3 Ne5 18. Be3 Qc7 19. Nd2 Bc6 20. Qc2 g6 21. Bd4
d5 22. Bf3 Bg7 23. Bxe5 Rxe5 24. Rxe5 Qxe5 25. Nb3 Qf4 26. Qd2 Qxd2 27. Nxd2 d4
28. cxd4 Bxd4 29. Rb1 Rc8 30. Bxc6 Rxc6 31. Nf3 Bf6 32. Ne1 Kg7 33. Kf1 a5 34.
Ke2 a4 35. Kd3 Rd6+ 36. Kc2 Rc6+ 37. Kd3 b5 38. a3 h5 39. Nc2 Rd6+ 40. Ke2 Re6+
41. Kd3 Rd6+ 42. Ke2 Rc6 43. Kd3 h4 44. Nb4 Rc4 45. Na2 Rf4 46. f3 Rf5 47. Nc3
Rg5 48. Rg1 Bd8 49. Ne4 Rd5+ 50. Kc2 f5 51. Nc3 Re5 52. Rd1 Ba5 53. f4 Rc5 54.
Rd5 Rc4 55. Rxb5 Bxc3 56. bxc3 Rxf4 57. Rd5 Rf2+ 58. Rd2 Rxd2+ 59. Kxd2 Kf6 60.
c4 Ke5 61. Kc3 g5 62. Kb4 g4 63. Kb5 f4 64. c5 f3 0-1